000 00648nam a2200253 a 4500
003 AR-BaBNM
005 20251128204541.0
008 082120s2002 ||||||||||||||000 | spa||
040 _cAR-BaBNM
100 1 _aPeña, Héctor Rodolfo
245 0 0 _aOnos, el patagón
_bnovela
260 _aRío Gallegos
_bEl autor
_c1992
300 _a166 p.
650 4 _aLITERATURA ARGENTINA
650 4 _aLITERATURA CONTEMPORANEA
650 4 _aNOVELAS
650 4 _aCOSTUMBRES Y TRADICIONES
650 4 _aABORIGENES ARGENTINOS
653 _aINDIGENISMO
653 _aCULTURAS PRECOLOMBINAS
655 _aLITERATURA
942 _cBK
998 _cMARTIN
999 _c7885
_d7885